Départements français sur une carte en forme d'araignées - Statistiques

Statistiques générales
  • Ce quiz a été pris 274 fois
  • Le résultat moyen est 44 sur 54
Réponses sur la Carte
Les réponses sont colorées sur une échelle allant du rouge au vert en fonction du pourcentage des utilisateurs qui les ont devinées à leur premier essai. Vous pouvez retrouver ces pourcentages ci-dessous.
 
Statistiques - réponses
Départements % Correct
Loire
95%
Hérault
91%
Gard
90%
Cantal
89%
Rhône
89%
Ardèche
88%
Aveyron
88%
Bouches-du-Rhône
88%
Var
88%
Ain
86%
Aude
86%
Loiret
86%
Lozère
86%
Isère
85%
Lot
85%
Puy-de-Dôme
85%
Dordogne
84%
Hautes-Alpes
84%
Tarn
84%
Cher
83%
Corrèze
83%
Drôme
83%
Haute-Loire
83%
Allier
82%
Alpes-de-Haute-Provence
82%
Eure
82%
Haute-Garonne
82%
Vaucluse
82%
Tarn-et-Garonne
81%
Eure-et-Loir
80%
Indre
80%
Jura
80%
Charente
79%
Creuse
79%
Indre-et-Loire
79%
Mayenne
79%
Pyrénées-Orientales
79%
Sarthe
78%
Gers
77%
Loir-et-Cher
77%
Orne
76%
Vienne
76%
Calvados
75%
Doubs
74%
Nièvre
74%
Saône-et-Loire
74%
Yvelines
74%
Côte-d-'Or
73%
Haute-Vienne
73%
Essonne
71%
Maine-et-Loire
71%
Oise
70%
Val-d'Oise
66%
Hauts-de-Seine
65%
Aucun quiz correspondant
Distribution des résultats
% des personnes avec chaque résultat
Percentile par nombre de réponses
Votre historique - résultats
Vous n’avez pas pris ce quiz